000 01105naa a22003017a 4500
001 BR8804248
003 BR-BrBNA
005 20240918180245.0
007 ta
008 230509b bl.||||| |||| 00| 0 por d
040 _aBR-BrBNA
_bpor
_cBiblioteca Nacional de Agricultura
041 _a(Pt)
072 _aD50; E70; F03
_b3575
_bG514
090 _aD50 BR8804248
100 1 _aFerraz, J. de B.
111 1 _a1. Seminario Paulista de Sementes e Mudas
_cSao Paulo, SP (Brazil)
_d10-12 1984
245 1 _aLaboratorios privados e oficiais de sementes no estado de Sao PaulO. Normas de credenciamento
260 3 _aSao Paulo, SP (Brasil):
_c1984.
500 _aAnais do 1. Seminario Paulista de Sementes e Mudas Sao Paulo, SP (Brasil): 1984. p. 335-345 (BR8804248-AM)D50
650 _aSEMENTE
650 _aANALISE QUALITATIVA
650 _aLABORATORIO
650 _aREGULAMENTACAO
650 _aSAO PAULO
773 0 _tAnais do 1. Seminario Paulista de Sementes e Mudas
_wD50 BR8804248
_gSao Paulo, SP (Brasil), 1984. p. 335-345
909 _a202404
_bLucia
_c55
_dLucia Elande
942 _cAM
_2AGRIS
999 _c319488
_d319488